Top 2 MLB players per team - Statistics

General Stats
  • This quiz has been taken 28 times
  • The average score is 14 of 52
Answer Stats
Team Player % Correct
Angels Mike Trout
92%
Astros José Altuve
88%
Angels Shohei Ohtani
88%
Blue Jays Vladimir Guerrero Jr
73%
Astros Yordan Alvarez
62%
Cardinals Paul Goldschmidt
58%
Diamondbacks Paul Goldschmidt
58%
Braves Ronald Acuña Jr.
54%
Dodgers Mookie Betts
50%
Guardians José Ramirez
46%
Padres Manny Machado
46%
Marlins Hanley Ramirez
42%
Phillies Bryce Harper
38%
Dodgers Freddie Freeman
38%
Mariners Julio Rodriguez
38%
Braves Austin Riley
35%
Marlins Giancarlo Stanton
35%
Brewers Corbin Burnes
31%
Rangers Corey Seager
31%
Rangers Nolan Ryan
31%
Mets Pete Alonso
31%
Cardinals Albert Pujols
27%
Yankees Babe Ruth
27%
Padres Juan Soto
27%
Blue Jays Alek Manoah
23%
Mets Jacob DeGrom
19%
Pirates O’Neil Cruz
19%
Athletics Rickey Henderson
19%
Red Sox Chris Sale
15%
Tigers Javier Baez
15%
Yankees Lou Gehrig
15%
Diamondbacks Randy Johnson
15%
Giants Buster Posey
12%
Cubs Ernie Banks
12%
Giants Logan Webb
12%
Brewers Robin Yount
12%
Rockies Todd Helton
12%
Tigers Ty Cobb
12%
Twins Byron Buxton
8%
Rockies Kris Bryant
8%
Phillies Kyle Schwarber
8%
White Sox Lance Lynn
8%
Cubs Sammy Sosa
8%
Guardians Steven Kwan
8%
Orioles Trey Mancini
8%
Orioles Adley Rutschman
4%
Twins Carlos Correa
4%
Athletics Frankie Montas
4%
Pirates Ke’Brayan Hayes
4%
Mariners Mitch Haniger
4%
White Sox Luke Appling
0%
Red Sox Reese McGuire
0%
No matching quizzes found
Score Distribution
Percent of People with Each Score
Percentile by Number Answered
Your Score History
You have not taken this quiz